Najlepsi strzelcy klubów piłkarskich - Statystyki

Ogólne statystyki
  • Ten quiz został rozwiązany 61 razy
  • Średni wynik to 6 z 15
Statystyki odpowiedzi
Hint Odpowiedź % Poprawnych
Real Madryt Cristiano Ronaldo
96%
Bayern Monachium Gerd Muller
87%
FC Barcelona Lionel Messi
84%
PSG Kylian Mbappe
47%
Manchester United Wayne Rooney
47%
Arsenal Thierry Henry
40%
Juventus Alessandro Del Piero
38%
Benfica Lizbona Eusebio
33%
Chelsea Frank Lampard
27%
Liverpool Ian Rush
27%
Atletico Madryt Antoine Griezmann
24%
Ajax Amsterdam Johan Cruyff
22%
Borussia Dortmund Marco Reus
20%
Inter Mediolan Giuseppe Meazza
18%
AC Milan Andrij Szewczenko
11%
Nie znaleziono quizów pasujących do podanych kryteriów
Rozkład punktacji
Procent ludzi z każdym wynikiem
Percentyl według liczby udzielonych odpowiedzi
Twoja historia wyników
Nie rozwiązałeś tego quizu